[Event "18sen.Bay.EM2006 Schney op"]
[Site "Schloss Schney (25.6.-3.7)"]
[Date "2006.06.25"]
[Round "1.23"]
[White "Mueller, Helmut(05.35)++"]
[Black "Mahrla, Hans Dr"]
[Result "1/2-1/2"]
[WhiteElo "1850"]
[BlackElo "1678"]
[PlyCount "136"]
[EventDate "2006.07.??"]
[Source "Ganslmayer"]
[SourceDate "2012.12.20"]

1. Nf3 Nf6 2. g3 d5 3. Bg2 e6 4. O-O Bd6 5. d3 O-O 6. Nbd2 c5 7. e4 dxe4 8.
Nxe4 Nxe4 9. dxe4 Nc6 10. c3 Qc7 11. Qc2 h6 12. Be3 b6 13. e5 Be7 14. Nd2 Bb7
15. f4 Rad8 16. Rad1 Ba6 17. Rfe1 Bd3 18. Qc1 Rd7 19. Ne4 Rfd8 20. Nf2 Bc4 21.
b3 Bd5 22. Qc2 Bxg2 23. Kxg2 Qb7 24. Kg1 a5 25. Rxd7 Rxd7 26. Rd1 Qc7 27. Rxd7
Qxd7 28. Qd3 Qd5 29. Qa6 Bd8 30. Qd3 Ne7 31. g4 Bc7 32. Qe4 Ng6 33. c4 Qd8 34.
Qc6 Ne7 35. Qe4 Ng6 36. Qd3 Qa8 37. Ne4 Nh4 38. Bf2 Ng6 39. Bg3 Qc6 40. Kf2 Ne7
41. Ke3 Qe8 42. Nd6 Qd7 43. Nb5 Qxd3+ 44. Kxd3 Bb8 45. Ke4 Kf8 46. h4 Nc6 47.
a3 Ke7 48. h5 Na7 49. Nc3 Nc6 50. Bh4+ Kd7 51. Bf2 Bc7 52. Nb5 Bd8 53. Nd6 f6
54. Nf7 Be7 55. f5 exf5+ 56. gxf5 fxe5 57. Nxe5+ Nxe5 58. Kxe5 Bf6+ 59. Kd5 Bb2
60. a4 Bf6 61. Bg3 Bd8 62. Bf4 Be7 63. Bb8 Bd8 64. Bd6 Bf6 65. Bf8 Bd4 66. Ke4
Bf6 67. Kd5 Bd4 68. Bd6 Bf6 1/2-1/2

[Event "18sen.Bay.EM2006 Schney op"]
[Site "Schloss Schney (25.6.-3.7)"]
[Date "2006.06.25"]
[Round "1.24"]
[White "Von Berg, Hans-Dieter"]
[Black "Kunath, Werner"]
[Result "0-1"]
[WhiteElo "1491"]
[BlackElo "1896"]
[PlyCount "112"]
[EventDate "2006.07.??"]
[Source "Ganslmayer"]
[SourceDate "2012.12.20"]

1. d4 Nf6 2. Nf3 d5 3. c4 e6 4. Bg5 Be7 5. Nc3 c6 6. e3 O-O 7. Rc1 Nbd7 8. cxd5
exd5 9. Bd3 Re8 10. O-O Ne4 11. Bxe7 Qxe7 12. Qc2 f5 13. a3 Kh8 14. b4 a6 15.
Na4 g5 16. Bxe4 fxe4 17. Ne1 Nf6 18. Nb6 Rb8 19. Nxc8 Rbxc8 20. Qc5 Qe6 21. g3
Nd7 22. Qc2 Rf8 23. Qe2 Qg6 24. f3 h5 25. fxe4 Rxf1+ 26. Qxf1 Rf8 27. Qg2 dxe4
28. Rc2 Nf6 29. Rf2 Kg7 30. h3 Nd5 31. Rxf8 Kxf8 32. Qf2+ Ke7 33. Ng2 Qe6 34.
Kh2 Nf6 35. Qc2 Qd5 36. Qc5+ Qxc5 37. bxc5 Ke6 38. h4 Ng4+ 39. Kg1 gxh4 40.
Nf4+ Kf5 41. gxh4 Nxe3 42. Nxh5 Nc2 43. Ng3+ Kf4 44. Ne2+ Kf3 45. h5 Kxe2 46.
h6 Nxd4 47. h7 Nf3+ 48. Kh1 e3 49. h8=Q Nd2 50. Qh5+ Ke1 51. Qh4+ Kd1 52. Qa4+
Ke2 53. Qc2 Kf2 54. Qf5+ Nf3 55. Qg4 e2 56. Qg2+ Ke3 0-1

[Event "18sen.Bay.EM2006 Schney op"]
[Site "Schloss Schney (25.6.-3.7)"]
[Date "2006.06.25"]
[Round "1.25"]
[White "Schmidt, Walter(43)"]
[Black "Straesser, Gerda"]
[Result "1-0"]
[WhiteElo "1881"]
[BlackElo "1539"]
[PlyCount "63"]
[EventDate "2006.07.??"]
[Source "Ganslmayer"]
[SourceDate "2012.12.20"]

1. e4 e6 2. d4 d5 3. e5 c5 4. c3 Nc6 5. Nf3 Bd7 6. Bd3 Qb6 7. O-O cxd4 8. cxd4
Nxd4 9. Nxd4 Qxd4 10. Nc3 a6 11. Qe2 Ne7 12. Kh1 Nc6 13. f4 Nb4 14. Rd1 Nxd3
15. Rxd3 Qb6 16. Be3 Bc5 17. Bxc5 Qxc5 18. Rad1 Bb5 19. Nxb5 Qxb5 20. Qc2 O-O
21. Rc3 f6 22. exf6 Rxf6 23. g3 Rff8 24. Rc1 e5 25. Rc5 Qe8 26. Re1 Rc8 27.
Rxe5 Rxc5 28. Qxc5 Qc6 29. Qxd5+ Qxd5+ 30. Rxd5 Rc8 31. Rd2 Kf7 32. Rd7+ 1-0

[Event "18sen.Bay.EM2006 Schney op"]
[Site "Schloss Schney (25.6.-3.7)"]
[Date "2006.06.25"]
[Round "1.26"]
[White "Karner, Irmgard"]
[Black "Leuschner, Guenter"]
[Result "0-1"]
[WhiteElo "1575"]
[BlackElo "1830"]
[PlyCount "48"]
[EventDate "2006.07.??"]
[Source "Ganslmayer"]
[SourceDate "2012.12.20"]

1. c4 Nf6 2. Nc3 e6 3. d4 d5 4. e3 Be7 5. Nf3 O-O 6. Be2 b6 7. O-O Bb7 8. b3
Nbd7 9. Bb2 a6 10. a3 c5 11. Nd2 Rc8 12. Rc1 Bd6 13. g3 Qe7 14. Ncb1 Rfd8 15.
Bf3 e5 16. dxe5 Nxe5 17. Bxe5 Bxe5 18. Rc2 Rc7 19. cxd5 Nxd5 20. Qe2 b5 21.
Rfc1 Bc8 22. e4 Nf6 23. Nc3 Be6 24. Bg2 Rcd7 0-1

[Event "18sen.Bay.EM2006 Schney op"]
[Site "Schloss Schney (25.6.-3.7)"]
[Date "2006.06.25"]
[Round "1.27"]
[White "Reimann, Guenther(43)"]
[Black "Wilfert, Eva-Maria"]
[Result "1-0"]
[WhiteElo "1870"]
[BlackElo "1543"]
[PlyCount "101"]
[EventDate "2006.07.??"]
[Source "Ganslmayer"]
[SourceDate "2012.12.20"]

1. c4 e5 2. d3 Nf6 3. Nd2 Nc6 4. Ngf3 d5 5. cxd5 Nxd5 6. g3 Bd6 7. Bg2 Nb6 8.
O-O O-O 9. a3 Bg4 10. Re1 Qd7 11. b4 a6 12. Bb2 Rfe8 13. Ne4 Bf8 14. Rc1 Bxf3
15. Bxf3 Nd4 16. Bg2 c6 17. e3 Nb5 18. Nc5 Qe7 19. Qb3 Rab8 20. Red1 Nd7 21. a4
Nxc5 22. Rxc5 Nc7 23. Bxe5 Rbc8 24. Bxc7 Qxc7 25. Rcc1 Qd6 26. b5 axb5 27. axb5
cxb5 28. Qxb5 Rb8 29. d4 Qa6 30. Rb1 Qxb5 31. Rxb5 b6 32. Rc1 Re6 33. h4 g6 34.
Bd5 Rd6 35. e4 Kg7 36. Rc7 Rxd5 37. exd5 Rd8 38. Rc6 Be7 39. Rcxb6 Bf6 40. d6
Bxd4 41. Rc6 Rd7 42. Rd5 Bf6 43. Rc7 Rd8 44. d7 Kf8 45. Rc8 Ke7 46. Rxd8 Kxd8
47. f4 Kc7 48. Kf2 Bd8 49. Rd3 Be7 50. Ke3 Bd6 51. Rxd6 1-0

[Event "18sen.Bay.EM2006 Schney op"]
[Site "Schloss Schney (25.6.-3.7)"]
[Date "2006.06.25"]
[Round "1.29"]
[White "Krafzik, Joachim"]
[Black "Erdmann, Wolfgang"]
[Result "1-0"]
[WhiteElo "1841"]
[BlackElo "1505"]
[PlyCount "133"]
[EventDate "2006.07.??"]
[Source "Ganslmayer"]
[SourceDate "2012.12.20"]

1. b4 d5 2. Bb2 e6 3. b5 Bd7 4. d3 Bxb5 5. Nf3 Nd7 6. a4 Ba6 7. e3 Ngf6 8. Be2
Bd6 9. O-O O-O 10. Nbd2 Re8 11. Nb3 Rc8 12. c4 dxc4 13. dxc4 b6 14. Nfd4 c5 15.
Nb5 Bxb5 16. axb5 Bb8 17. Qc2 Qc7 18. g3 e5 19. e4 Qb7 20. Nd2 Nf8 21. Bf3 Ne6
22. Bg2 Rcd8 23. Rfe1 Nd4 24. Qc3 Qe7 25. Nf1 Qe6 26. Ne3 Re7 27. Bc1 h6 28.
Ra2 Nh7 29. Nd5 Red7 30. Qd3 Nf6 31. Qf1 Qd6 32. Kh1 Nxd5 33. exd5 Qf6 34. Qd3
Re7 35. f3 Rde8 36. Rf1 Qf5 37. Qe4 Rd8 38. g4 Qxe4 39. fxe4 f6 40. h4 Nb3 41.
Be3 Na5 42. Rc2 Rf7 43. g5 fxg5 44. Rxf7 Kxf7 45. hxg5 Rd6 46. Bh3 hxg5 47.
Be6+ Rxe6 48. dxe6+ Kxe6 49. Bxg5 Bd6 50. Kg2 Be7 51. Be3 Kf6 52. Kf3 Kf7 53.
Ke2 g5 54. Kf3 Kg6 55. Kg4 Kf6 56. Bf2 Ke6 57. Bg3 Bd6 58. Kf3 Bb8 59. Ke3 Bd6
60. Kd3 Nb3 61. Rh2 Nd4 62. Rh8 Bc7 63. Ra8 Kd6 64. Rg8 Ne6 65. Ra8 Ke7 66.
Rxa7 Kf7 67. Bxe5 1-0

[Event "18sen.Bay.EM2006 Schney op"]
[Site "Schloss Schney (25.6.-3.7)"]
[Date "2006.06.25"]
[Round "1.30"]
[White "Conitz, Helmut"]
[Black "Stadler, Lothar"]
[Result "0-1"]
[WhiteElo "1440"]
[BlackElo "1790"]
[PlyCount "90"]
[EventDate "2006.07.??"]
[Source "Ganslmayer"]
[SourceDate "2012.12.20"]

1. e4 c5 2. Bc4 Nc6 3. c3 Nf6 4. d3 e6 5. Bg5 h6 6. Be3 a6 7. a3 Be7 8. Nf3 O-O
9. h3 d5 10. exd5 exd5 11. Ba2 Re8 12. O-O b6 13. Qc2 Bf5 14. Ne1 Bd6 15. Qd2
Qc7 16. Kh1 d4 17. Bxh6 gxh6 18. Qxh6 Nh7 19. Bd5 Re5 20. c4 Rae8 21. Nd2 Ne7
22. Ndf3 Re2 23. Qh5 Bg6 24. Qg4 Nxd5 25. cxd5 Nf6 26. Qh4 Kg7 27. g4 Rh8 28.
Qg5 Bf4 29. Qf5 Bxf5 30. gxf5 Rxh3+ 31. Kg2 Rh5 32. Ng1 Re8 33. Nh3 Rxf5 34.
Nf3 Qd6 35. Rh1 Qxd5 36. Rag1 Ng4 37. Nxf4 Rxf4 38. Rh3 Ne5 39. Rg3+ Kf6 40.
Rh1 Nxf3 41. Rh6+ Ke7 42. Rxb6 Nd2+ 43. Kg1 Kf8 44. Rg2 Re1+ 45. Kh2 Qh5+ 0-1

[Event "18sen.Bay.EM2006 Schney op"]
[Site "Schloss Schney (25.6.-3.7)"]
[Date "2006.06.25"]
[Round "1.31"]
[White "Neumeister, Herbert Dr"]
[Black "Brockhaus, Werner"]
[Result "1/2-1/2"]
[WhiteElo "1753"]
[BlackElo "1510"]
[PlyCount "80"]
[EventDate "2006.07.??"]
[Source "Ganslmayer"]
[SourceDate "2012.12.20"]

1. d4 Nf6 2. Nf3 d6 3. c4 g6 4. Nc3 Bg7 5. e4 O-O 6. Be2 Nbd7 7. O-O c6 8. h3
Qc7 9. Be3 b6 10. Rc1 Bb7 11. Qd2 a6 12. b4 Rac8 13. Bd3 Qd8 14. e5 dxe5 15.
dxe5 Ne8 16. Bf4 e6 17. Qe2 Qe7 18. a3 c5 19. b5 a5 20. Ne4 Bxe4 21. Bxe4 f6
22. exf6 Bxf6 23. Rcd1 e5 24. Bh6 Bg7 25. Bd5+ Kh8 26. Bxg7+ Kxg7 27. Rfe1 Nef6
28. Bc6 Rcd8 29. Rd2 h6 30. Nh4 Nh7 31. Bxd7 Qxh4 32. Qxe5+ Qf6 33. Qxf6+ Nxf6
34. Re7+ Rf7 35. Rxf7+ Kxf7 36. Be6+ Ke7 37. Rxd8 Kxd8 38. f4 Ke7 39. f5 g5 40.
Kf2 Kd6 1/2-1/2

[Event "18sen.Bay.EM2006 Schney op"]
[Site "Schloss Schney (25.6.-3.7)"]
[Date "2006.06.25"]
[Round "1.32"]
[White "Ludwig, Ines"]
[Black "Reichenbacher, Gerhard"]
[Result "1-0"]
[WhiteElo "1510"]
[BlackElo "1716"]
[PlyCount "43"]
[EventDate "2006.07.??"]
[Source "Ganslmayer"]
[SourceDate "2012.12.20"]

1. d4 Nf6 2. e3 e6 3. Bd3 Be7 4. Nd2 O-O 5. f4 c5 6. c3 Nc6 7. Ngf3 d6 8. O-O
b6 9. Qe2 Bb7 10. Ng5 h6 11. Nge4 d5 12. Nxf6+ Bxf6 13. Qh5 c4 14. Bc2 b5 15.
a3 a5 16. e4 Qd7 17. e5 Be7 18. f5 exf5 19. Bxf5 Qe8 20. e6 Bc8 21. exf7+ Qxf7
22. Bh7+ 1-0

[Event "18sen.Bay.EM2006 Schney op"]
[Site "Schloss Schney (25.6.-3.7)"]
[Date "2006.06.25"]
[Round "1.33"]
[White "Aigner, Georg"]
[Black "Kunert, Helmut"]
[Result "1-0"]
[WhiteElo "1736"]
[BlackElo "1480"]
[PlyCount "79"]
[EventDate "2006.07.??"]
[Source "Ganslmayer"]
[SourceDate "2012.12.20"]

1. e4 c5 2. Nf3 Nc6 3. d4 cxd4 4. Nxd4 e5 5. Nb5 d6 6. N1c3 a6 7. Na3 b5 8. Nd5
Bb7 9. Be3 Nd4 10. Bxd4 Bxd5 11. exd5 exd4 12. Qxd4 Nf6 13. c3 Be7 14. Nc2 O-O
15. Bd3 Re8 16. O-O Nd7 17. Qe4 g6 18. Rfe1 Ne5 19. f4 Qb6+ 20. Qe3 Qxe3+ 21.
Rxe3 Nxd3 22. Rxd3 Bf6 23. Kf2 a5 24. Re1 b4 25. Rxe8+ Rxe8 26. cxb4 Rc8 27.
Nd4 axb4 28. Nc6 Kf8 29. Rb3 Ra8 30. Nxb4 Bd4+ 31. Ke2 Ra4 32. a3 Bc5 33. Nd3
Re4+ 34. Kd1 Rd4 35. Ke2 Rxd5 36. Nxc5 Rxc5 37. Rc3 Rf5 38. Rf3 h5 39. b4 Rb5
40. Rb3 1-0

[Event "18sen.Bay.EM2006 Schney op"]
[Site "Schloss Schney (25.6.-3.7)"]
[Date "2006.06.25"]
[Round "1.34"]
[White "Narr, Irmgard"]
[Black "Pietruske, Siegfried"]
[Result "0-1"]
[WhiteElo "1513"]
[BlackElo "1819"]
[PlyCount "72"]
[EventDate "2006.07.??"]
[Source "Ganslmayer"]
[SourceDate "2012.12.20"]

1. e4 e6 2. Nf3 d5 3. exd5 exd5 4. d4 Nf6 5. Nc3 c6 6. Bf4 Bd6 7. Bg5 h6 8. Be3
Qc7 9. Qd2 Be6 10. Bd3 Nbd7 11. O-O O-O-O 12. h3 g5 13. a4 g4 14. hxg4 Nxg4 15.
Ne2 Ndf6 16. Bf4 Ne4 17. Bxe4 dxe4 18. Ne1 Bxf4 19. Nxf4 Bc4 20. g3 Bxf1 21.
Kxf1 Qe7 22. c3 h5 23. Neg2 Nh2+ 24. Ke2 Nf3 25. Qc2 Rxd4 26. Ke3 Rd3+ 27. Nxd3
exd3+ 28. Kxd3 Rd8+ 29. Kc4 Nd2+ 30. Qxd2 Rxd2 31. Re1 Qd7 32. Nf4 Rxb2 33. f3
Kc7 34. Rh1 b5+ 35. axb5 cxb5+ 36. Kc5 Qd6# 0-1

[Event "18sen.Bay.EM2006 Schney op"]
[Site "Schloss Schney (25.6.-3.7)"]
[Date "2006.06.25"]
[Round "1.35"]
[White "Dohmel, Wolfgang(39)++"]
[Black "Klose, Hans-Peter"]
[Result "1/2-1/2"]
[WhiteElo "1770"]
[BlackElo "1472"]
[PlyCount "75"]
[EventDate "2006.07.??"]
[Source "Ganslmayer"]
[SourceDate "2012.12.20"]

1. d4 Nf6 2. e3 g6 3. Bd3 Bg7 4. f4 d5 5. Nf3 c5 6. c3 c4 7. Bc2 O-O 8. Nbd2
Ng4 9. Qe2 f5 10. O-O b6 11. Ne5 Nf6 12. Ndf3 Ne4 13. Bd2 Nxd2 14. Qxd2 Bb7 15.
Ba4 Rf6 16. g4 Bc6 17. Bc2 Bd7 18. g5 Rf8 19. h4 Nc6 20. Kg2 Nxe5 21. dxe5 e6
22. Rh1 Qc7 23. Nd4 Kf7 24. Rad1 Rad8 25. Rh2 Rh8 26. Rg1 Rdg8 27. Qd1 a6 28.
Rgh1 Qc8 29. Kf2 Qe8 30. h5 Ke7 31. Nf3 Qc8 32. Qd4 Qc5 33. hxg6 Qxd4 34. exd4
hxg6 35. Rh7 Rxh7 36. Rxh7 Kf8 37. Nh4 Be8 38. Nf3 1/2-1/2

[Event "18sen.Bay.EM2006 Schney op"]
[Site "Schloss Schney (25.6.-3.7)"]
[Date "2006.06.25"]
[Round "1.36"]
[White "Breitfuss, Joachim++"]
[Black "Reichwald, Klaus"]
[Result "0-1"]
[WhiteElo "1385"]
[BlackElo "1749"]
[PlyCount "58"]
[EventDate "2006.07.??"]
[Source "Ganslmayer"]
[SourceDate "2012.12.20"]

1. d4 Nf6 2. c4 g6 3. Nc3 Bg7 4. e4 d6 5. f3 Nbd7 6. Be3 O-O 7. Nge2 c6 8. g4
e5 9. d5 cxd5 10. cxd5 b6 11. h4 h5 12. gxh5 Nxh5 13. Qd2 Ba6 14. O-O-O Rc8 15.
Kb1 b5 16. Nc1 b4 17. Nb5 Bxb5 18. Bxb5 Rb8 19. Bc6 Nc5 20. Bxc5 dxc5 21. Nd3
c4 22. Nxb4 Qb6 23. a3 a5 24. Na2 Bh6 25. Qc2 Qc5 26. Ka1 Be3 27. Rb1 Bd4 28.
Nc3 Rb3 29. Na4 Rxa3# 0-1

[Event "18sen.Bay.EM2006 Schney op"]
[Site "Schloss Schney (25.6.-3.7)"]
[Date "2006.06.25"]
[Round "1.37"]
[White "Fels, Karl-Heinz"]
[Black "Grueneschild, Hildegard"]
[Result "1-0"]
[WhiteElo "1766"]
[BlackElo "1440"]
[PlyCount "65"]
[EventDate "2006.07.??"]
[Source "Ganslmayer"]
[SourceDate "2012.12.20"]

1. e4 c5 2. Nf3 d6 3. d4 cxd4 4. Nxd4 Nf6 5. Nc3 a6 6. Bg5 Nbd7 7. f4 h6 8. Bh4
Qa5 9. Qd2 e6 10. Be2 Be7 11. Bf2 O-O 12. g4 Nc5 13. Bf3 Qc7 14. O-O-O Bd7 15.
h4 e5 16. Nf5 Bxf5 17. gxf5 b5 18. Rhg1 b4 19. Nd5 Nxd5 20. exd5 a5 21. fxe5
Rac8 22. Kb1 Nd7 23. Qxh6 Qxc2+ 24. Ka1 g6 25. fxg6 fxg6 26. Rxg6+ Kf7 27. e6+
Ke8 28. exd7+ Kxd7 29. Bg4+ Ke8 30. Re6 Qxf2 31. Rxe7+ Kxe7 32. Qe6+ Kd8 33.
Qd7# 1-0

[Event "18sen.Bay.EM2006 Schney op"]
[Site "Schloss Schney (25.6.-3.7)"]
[Date "2006.06.25"]
[Round "1.38"]
[White "Melzig, Ernst"]
[Black "Theuermeister, Peter"]
[Result "0-1"]
[WhiteElo "1362"]
[BlackElo "1752"]
[PlyCount "138"]
[EventDate "2006.07.??"]
[Source "Ganslmayer"]
[SourceDate "2012.12.20"]

1. e4 e6 2. d4 d5 3. exd5 exd5 4. Nc3 c6 5. Nf3 Bg4 6. Qe2+ Qe7 7. Qxe7+ Bxe7
8. Be2 Nd7 9. O-O Bf5 10. Bd3 Bxd3 11. cxd3 f6 12. Re1 Kf7 13. Nh4 g6 14. Ne2
Bb4 15. Nc3 Ne7 16. Bd2 Rae8 17. a3 Bd6 18. Ne2 g5 19. Nf3 Nf5 20. g4 Ng7 21.
Ng3 Rxe1+ 22. Rxe1 h5 23. gxh5 Bxg3 24. hxg3 Rxh5 25. g4 Rh8 26. Kg2 Ne6 27.
Kg3 Ndf8 28. Kg2 Ng6 29. Kg3 Ngf4 30. Bxf4 Nxf4 31. Ng1 Nxd3 32. Re2 Nf4 33.
Re1 Rh1 34. f3 Nd3 35. Rb1 Rh8 36. Ne2 Re8 37. Nc3 Nf4 38. Rh1 Kg7 39. Rh2 Re1
40. Rc2 Rh1 41. Rh2 Rg1+ 42. Kf2 Rc1 43. Ke3 Re1+ 44. Kd2 Re8 45. Na4 b6 46.
Nc3 a5 47. Nd1 c5 48. dxc5 bxc5 49. Ne3 Kf7 50. Nf5 Rb8 51. Rh7+ Kg8 52. Rg7+
Kf8 53. Kc2 Re8 54. Kd1 Re2 55. Ra7 Rxb2 56. Rxa5 c4 57. Ra6 Rb3 58. Rxf6+ Ke8
59. a4 Ra3 60. Ra6 Rxf3 61. Ra8+ Kf7 62. Ra7+ Kf6 63. Ra6+ Ke5 64. a5 Ra3 65.
Ra8 Ke4 66. a6 Kd3 67. Kc1 c3 68. Rb8 Ra1+ 69. Rb1 Ne2+ 0-1

[Event "18sen.Bay.EM2006 Schney op"]
[Site "Schloss Schney (25.6.-3.7)"]
[Date "2006.06.25"]
[Round "1.39"]
[White "Claus, Joachim"]
[Black "Jakubowski, Karl++"]
[Result "1-0"]
[WhiteElo "1765"]
[BlackElo "1373"]
[PlyCount "99"]
[EventDate "2006.07.??"]
[Source "Ganslmayer"]
[SourceDate "2012.12.20"]

1. f4 Nf6 2. Nf3 e6 3. e3 Nc6 4. Bb5 Be7 5. Bxc6 bxc6 6. b3 Ne4 7. O-O Bf6 8.
c3 O-O 9. Qc2 d5 10. d3 Nd6 11. Ba3 Re8 12. Nbd2 Nb5 13. Bb2 Nd6 14. Rad1 Ba6
15. Rfe1 Nf5 16. c4 c5 17. Ne5 Bxe5 18. Bxe5 f6 19. Bb2 d4 20. Nf1 Bb7 21. Qf2
a5 22. e4 Nh6 23. h3 f5 24. e5 Kh8 25. Nh2 Rg8 26. Nf3 Bxf3 27. Qxf3 Qh4 28.
Qf2 Qxf2+ 29. Kxf2 a4 30. b4 a3 31. Ba1 cxb4 32. Bxd4 Rgd8 33. Ke3 Rd7 34. Bc5
Rb8 35. Rb1 c6 36. Rxb4 Rxb4 37. Bxb4 Rb7 38. Bc5 Rb2 39. Re2 Rxe2+ 40. Kxe2
Nf7 41. Bxa3 Nd8 42. d4 Kg8 43. Bb4 Kf7 44. a4 Ke8 45. Kd3 Kd7 46. Kc3 Kc7 47.
Ba5+ Kc8 48. Bxd8 Kxd8 49. Kb4 Kc7 50. Kc5 1-0

[Event "18sen.Bay.EM2006 Schney op"]
[Site "Schloss Schney (25.6.-3.7)"]
[Date "2006.06.25"]
[Round "1.41"]
[White "Schnurr, Anton"]
[Black "Rudolph, Rainer"]
[Result "1-0"]
[WhiteElo "1697"]
[BlackElo "1345"]
[PlyCount "59"]
[EventDate "2006.07.??"]
[Source "Ganslmayer"]
[SourceDate "2012.12.20"]

1. d4 d5 2. c3 e6 3. Nd2 Nf6 4. e3 c5 5. Bd3 c4 6. Bc2 Bd6 7. f4 O-O 8. g3 Nc6
9. Qe2 Nd7 10. e4 f5 11. e5 Be7 12. h4 Qe8 13. h5 h6 14. Ndf3 b5 15. Bd2 b4 16.
Nh4 bxc3 17. bxc3 Rb8 18. Ng6 Rf7 19. Rb1 Ba6 20. Qd1 Ba3 21. Nf3 Rxb1 22. Bxb1
Qb8 23. O-O Bf8 24. Nfh4 Ne7 25. g4 fxg4 26. Qxg4 Qb2 27. Rd1 Nc6 28. f5 exf5
29. Nxf5 Bc8 30. Nxh6+ 1-0

[Event "18sen.Bay.EM2006 Schney op"]
[Site "Schloss Schney (25.6.-3.7)"]
[Date "2006.06.25"]
[Round "1.43"]
[White "Kude, Klaus-Peter"]
[Black "Froeling, Philippa"]
[Result "1-0"]
[WhiteElo "1757"]
[BlackElo "1227"]
[PlyCount "61"]
[EventDate "2006.07.??"]
[Source "Ganslmayer"]
[SourceDate "2012.12.20"]

1. e4 e5 2. Nf3 d6 3. d4 exd4 4. Nxd4 g6 5. Nc3 c6 6. Bc4 Qe7 7. O-O Nf6 8. Re1
Nbd7 9. f4 Bg7 10. e5 dxe5 11. fxe5 Nxe5 12. Bf4 Nfd7 13. Ne4 O-O 14. Bb3 h6
15. Qd2 g5 16. Nf5 Qd8 17. Nxg7 Kxg7 18. Bg3 Qb6+ 19. Kh1 f6 20. Qd6 c5 21.
Qe7+ Kg6 22. Rad1 c4 23. Rd6 Qd8 24. Qxd8 Rxd8 25. Ba4 Nf7 26. Rd4 Nb6 27. Rxd8
Nxd8 28. Be8+ Kg7 29. Nd6 Be6 30. b3 cxb3 31. axb3 1-0

[Event "18sen.Bay.EM2006 Schney op"]
[Site "Schloss Schney (25.6.-3.7)"]
[Date "2006.06.25"]
[Round "1.44"]
[White "Ludwig, Karl-Heinz ProfDr"]
[Black "Lueders, Guenther Dr"]
[Result "0-1"]
[WhiteElo "1157"]
[BlackElo "1696"]
[PlyCount "90"]
[EventDate "2006.07.??"]
[Source "Ganslmayer"]
[SourceDate "2012.12.20"]

1. f4 d5 2. d4 e6 3. e3 Nf6 4. Nc3 Nbd7 5. Be2 Be7 6. Nf3 O-O 7. O-O c5 8. a3
a6 9. b4 cxb4 10. axb4 Bxb4 11. Bd2 Bxc3 12. Bxc3 Re8 13. Bd2 Ne4 14. Bd3 Nxd2
15. Qxd2 f5 16. c4 b6 17. cxd5 exd5 18. Bxf5 Bb7 19. Ne5 Nf6 20. Qf2 Bc8 21.
Bc2 Be6 22. h3 Ne4 23. Bxe4 dxe4 24. Qc2 Bd5 25. Qf2 Qd6 26. Qg3 b5 27. f5 Rf8
28. Rf4 Ra7 29. Raf1 Kh8 30. Qg5 Qf6 31. Qxf6 gxf6 32. Ng4 b4 33. Nf2 Re8 34.
Rb1 b3 35. Rb2 a5 36. Nd1 Rc8 37. Rff2 Rc1 38. Rf1 Rac7 39. Nf2 a4 40. Rxc1
Rxc1+ 41. Kh2 Rc2 42. Rb1 Rxf2 43. Kg3 Rc2 44. Kh2 a3 45. Ra1 a2 0-1

[Event "18sen.Bay.EM2006 Schney op"]
[Site "Schloss Schney (25.6.-3.7)"]
[Date "2006.06.25"]
[Round "1.45"]
[White "Fiedler, Werner(23)"]
[Black "Ambros, Hans"]
[Result "1/2-1/2"]
[WhiteElo "1629"]
[BlackElo "1203"]
[PlyCount "54"]
[EventDate "2006.07.??"]
[Source "Ganslmayer"]
[SourceDate "2012.12.20"]

1. d4 d5 2. Bf4 e6 3. Nf3 Bd6 4. Bxd6 Qxd6 5. c3 Nf6 6. e3 a6 7. Nbd2 Nc6 8.
Bd3 h6 9. Qe2 Bd7 10. O-O e5 11. dxe5 Nxe5 12. Nxe5 Qxe5 13. Nf3 Qd6 14. h3
O-O-O 15. Rad1 Rde8 16. Qc2 c5 17. b3 Kb8 18. Rd2 Qc7 19. Rfd1 Bc6 20. c4 Ne4
21. Bxe4 dxe4 22. Ne1 f5 23. Rd6 Rd8 24. Qd2 Rxd6 25. Qxd6 Qxd6 26. Rxd6 g5 27.
Rd2 b6 1/2-1/2

[Event "18sen.Bay.EM2006 Schney op"]
[Site "Schloss Schney (25.6.-3.7)"]
[Date "2006.06.25"]
[Round "1.46"]
[White "Jurgan, Brigitte"]
[Black "Gerdes, Hans"]
[Result "1/2-1/2"]
[WhiteElo "1163"]
[BlackElo "1692"]
[PlyCount "85"]
[EventDate "2006.07.??"]
[Source "Ganslmayer"]
[SourceDate "2012.12.20"]

1. d4 d5 2. Nf3 f5 3. g3 Nf6 4. Bg2 e6 5. a3 Bd6 6. Bg5 Nbd7 7. O-O h6 8. Bxf6
Nxf6 9. e3 O-O 10. Ne5 Qe8 11. f4 Bxe5 12. fxe5 Ne4 13. Bf3 Bd7 14. Nd2 Qe7 15.
Nxe4 dxe4 16. Be2 Rad8 17. Qe1 c5 18. c3 g5 19. Rc1 Bc6 20. Rf2 g4 21. Rc2 cxd4
22. cxd4 h5 23. Bf1 h4 24. gxh4 Qxh4 25. Qd2 Rd7 26. Rg2 Kh8 27. Qf2 Qh5 28.
Qf4 Rh7 29. Rc1 Rg8 30. Be2 Qh3 31. Qg3 Qh6 32. Rf1 Rg5 33. Qf4 Qg6 34. Rg3
Rgh5 35. Rf2 Qh6 36. Qxh6 R7xh6 37. Bf1 Kg7 38. Rgg2 Rh3 39. Rg3 Rxg3+ 40. hxg3
Ba4 41. Rh2 Rxh2 42. Kxh2 Bd1 43. Bc4 1/2-1/2

[Event "18sen.Bay.EM2006 Schney op"]
[Site "Schloss Schney (25.6.-3.7)"]
[Date "2006.06.25"]
[Round "1.47"]
[White "Fritsch, Wolfgang(36)"]
[Black "Eckstein, Luise"]
[Result "1-0"]
[WhiteElo "1729"]
[BlackElo "1092"]
[PlyCount "57"]
[EventDate "2006.07.??"]
[Source "Ganslmayer"]
[SourceDate "2012.12.20"]

1. e4 d5 2. exd5 Nf6 3. d4 Nxd5 4. c4 Nf6 5. Nc3 Bf5 6. Nf3 h6 7. Qb3 b6 8. Be3
e6 9. Be2 Nbd7 10. Rd1 Be7 11. Ne5 O-O 12. Bf3 Rb8 13. Nc6 Qe8 14. Nxb8 Nxb8
15. Qb5 Bg4 16. Qxe8 Rxe8 17. Bxg4 Nxg4 18. Nb5 Nxe3 19. fxe3 Bd8 20. Rd3 a5
21. O-O Nc6 22. a3 e5 23. Rfd1 exd4 24. exd4 f6 25. Kf2 Kf8 26. Re3 Ne7 27.
Rde1 a4 28. Nc3 f5 29. Nxa4 1-0

[Event "18sen.Bay.EM2006 Schney op"]
[Site "Schloss Schney (25.6.-3.7)"]
[Date "2006.06.25"]
[Round "1.48"]
[White "Van Bellen, Henk Dr"]
[Black "Rost van Tonningen, Otto"]
[Result "1/2-1/2"]
[WhiteElo "1731"]
[BlackElo "1958"]
[PlyCount "38"]
[EventDate "2006.07.??"]
[Source "Ganslmayer"]
[SourceDate "2012.12.20"]

1. Nc3 c5 2. Nf3 e6 3. d4 cxd4 4. Nxd4 a6 5. g3 g6 6. Bg2 Bg7 7. O-O Ne7 8. e3
O-O 9. Rb1 Qc7 10. a3 Nbc6 11. Nce2 b5 12. c3 Bb7 13. Bd2 Ne5 14. Bxb7 Qxb7 15.
Nf4 Nc4 16. Ng2 Rac8 17. Qf3 Qxf3 18. Nxf3 d5 19. Bc1 Rfd8 1/2-1/2

[Event "18sen.Bay.EM2006 Schney op"]
[Site "Schloss Schney (25.6.-3.7)"]
[Date "2006.06.26"]
[Round "2.11"]
[White "Muench, Klaus-Norbert Dr"]
[Black "Fels, Karl-Heinz"]
[Result "1/2-1/2"]
[WhiteElo "2023"]
[BlackElo "1766"]
[PlyCount "43"]
[EventDate "2006.07.??"]
[Source "Ganslmayer"]
[SourceDate "2012.12.20"]

1. Nf3 d5 2. g3 Nf6 3. Bg2 e6 4. O-O c5 5. d3 Nc6 6. Nbd2 Be7 7. e4 Qc7 8. Re1
dxe4 9. Nxe4 Nxe4 10. dxe4 e5 11. c3 O-O 12. Nd2 Be6 13. Nf1 b5 14. Ne3 Rfd8
15. Nd5 Qb7 16. f4 f6 17. Be3 Bf8 18. Qh5 Bf7 19. Qg4 Kh8 20. b3 a5 21. a3 b4
22. axb4 1/2-1/2

[Event "18sen.Bay.EM2006 Schney op"]
[Site "Schloss Schney (25.6.-3.7)"]
[Date "2006.06.26"]
[Round "2.12"]
[White "Reichwald, Klaus"]
[Black "Kahn, Manfred++"]
[Result "1/2-1/2"]
[WhiteElo "1749"]
[BlackElo "2252"]
[PlyCount "35"]
[EventDate "2006.07.??"]
[Source "Ganslmayer"]
[SourceDate "2012.12.20"]

1. e4 e6 2. d4 d5 3. Nd2 Nf6 4. e5 Nfd7 5. Ngf3 c5 6. c3 Nc6 7. Nb3 Qb6 8. Be2
cxd4 9. cxd4 f6 10. exf6 Nxf6 11. O-O Bd6 12. Bd3 O-O 13. Be3 Bd7 14. Ne5 Be8
15. Qe2 Nb4 16. Nc5 Nxd3 17. Nexd3 Bh5 18. f3 1/2-1/2